000 01443nam a2200325 i 4500
003 EG-GICUC
005 20260504130938.0
008 260113s1985 ua |||fr|||| 00| 0 ara d
040 _a EG-GICUC
_bara
_c EG-GICUC
_d EG-GICUC
_erda
041 0 _aAra
082 0 4 _221
_a343.11223
_bا ل . ر
092 0 4 _221
099 _aLaw1 10 343.11223 ا ل . ر 1985
100 0 _aالبشرى الشوربجى
_eمؤلف.
245 1 0 _aرعاية الأحداث فى الإسلام والقانون المصرى :
_bحقوق الصغار وأصول تربيتهم وضوابط تأديبهم فى الفقه الإسلامى بشرح قانون الأحداث ونصوص رعاية الأحداث فى التشريع المصرى /
_cتأليف المستشار البشرى الشوربجى.
264 1 _aإسكندرية :
_bمنشأة المعارف،
_c1985.
300 _a836 صفحة؛
_c24 سم.
336 _2rda content
_atext
337 _2rda media
_aComputer
338 _2rda carrier
_aOnline Resource
490 _aالكتب القانونية
504 _a ببليوجرافيا: صفحات807-818.
546 _aالنص باللغة العربية
650 1 _aالحماية الجنائية للأحداث
_yمصر
_2qrmak
650 1 _aالقانون الجنائى
_2qrmak
651 1 _2qrmak
856 4 0 _uhttps://fll.law.cu.edu.eg/fulltext/bks/B10-07498.pdf
905 _a54
_eYara
942 _2ddc
_cBK
_e21
_n0
999 _c56956
_d56956